000 00755nam a2200253Ia 4500
003 OSt
005 20221005065313.0
006 a|||||r|||| 00| 0
007 ta
008 221004b |||||||| |||| 00| 0 hin d
020 _a8187524790 (hbk)
_c200
024 _a86661
037 _b41, 30/03/2007, Subham Prakashan
_cTextual
040 _aCRL
_cCRL
_bhin
041 _2hin
_ahin
082 _aO152,1N112:g, P6
100 _aSharma Vishnu Chand
_9604607
245 0 _aKaal se hod lata sumses
260 _aMeerut
_bSamvad Prakashan
_c2006
300 _a192p.
_ccm.
650 _aENGLISH LITERATURE
942 _hO152,1N112:g, P6
_cTEXL
_2cc
999 _c974288
_d974288